Top 15 landen met Covid-19 sterfgevallen - 31 januari - Statistieken

Algemene statistieken
  • Deze quiz is 4 keer genomen
  • De gemiddelde score is 14 van 24
Antwoordstatistieken
land % Correct
Argentinië
100%
Brazilië
100%
Frankrijk
100%
India
100%
Italië
100%
Peru
100%
Spanje
100%
Verenigde Staten
100%
Verenigd Koninkrijk
100%
België
67%
Colombia
67%
Duitsland
67%
Mexico
67%
Portugal
67%
Rusland
67%
Iran
33%
Tsjechië
33%
Zuid-Afrika
33%
Bosnië en Herzegovina
0%
Bulgarije
0%
Hongarije
0%
Kroatië
0%
Noord-Macedonië
0%
Slovenië
0%
Geen overeenkomende quizzen gevonden
Scoreverdeling
Procent van Mensen met Elke Score
Percentiel versus Aantal Correcte Antwoorden
Uw Scoregeschiedenis
U heeft deze quiz nog niet genomen